Hábitos atómicos / (Registro nro. 43814)
[ vista simple ]
| 000 -LEADER | |
|---|---|
| fixed length control field | 01439cam a2200385 i 4500 |
| 001 - CONTROL NUMBER | |
| control field | 43814 |
| 003 - CONTROL NUMBER IDENTIFIER | |
| control field | Mx-PuUPA |
| 005 - DATE AND TIME OF LATEST TRANSACTION | |
| control field | 20250724103518.0 |
| 008 - FIXED-LENGTH DATA ELEMENTS--GENERAL INFORMATION | |
| fixed length control field | 140415s2023 mx d gr 000 0 spa d |
| 020 ## - INTERNATIONAL STANDARD BOOK NUMBER | |
| International Standard Book Number | 9786075694122 |
| 040 ## - CATALOGING SOURCE | |
| Original cataloging agency | Mx-PuUPA |
| Language of cataloging | spa |
| Transcribing agency | Mx-PuUPA |
| Modifying agency | Mx-PuUPA |
| Description conventions | rda |
| 041 1# - LANGUAGE CODE | |
| Language code of text/sound track or separate title | spa |
| Language code of original | eng |
| 100 1# - MAIN ENTRY--PERSONAL NAME | |
| Personal name | Clear, James, |
| 9 (RLIN) | 17361 |
| Relator term | autor |
| 240 10 - UNIFORM TITLE | |
| Uniform title | Atomic habits. |
| Language of a work | Español |
| 245 10 - TITLE STATEMENT | |
| Title | Hábitos atómicos / |
| Statement of responsibility, etc. | James Clear ; traducción de Gabriela Moya |
| 246 14 - VARYING FORM OF TITLE | |
| Title proper/short title | Cambios pequeños, resultados extraordinarios : |
| Remainder of title | hábitos atómicos. |
| 250 ## - EDITION STATEMENT | |
| Edition statement | Primera edición / |
| Remainder of edition statement | abril |
| 264 #1 - PRODUCTION, PUBLICATION, DISTRIBUTION, MANUFACTURE, AND COPYRIGHT NOTICE | |
| Place of production, publication, distribution, manufacture | Ciudad de México : |
| Name of producer, publisher, distributor, manufacturer | Paidós, |
| Date of production, publication, distribution, manufacture, or copyright notice | ©2023 |
| 300 ## - PHYSICAL DESCRIPTION | |
| Extent | 326 páginas : |
| Other physical details | gráficas, tablas ; |
| Dimensions | 20 cm |
| 336 ## - CONTENT TYPE | |
| Fuente | rdacontent |
| Content type term | texto |
| Content type code | txt |
| 337 ## - MEDIA TYPE | |
| Source | rdamedia |
| Media type term | sin medio |
| Media type code | n |
| 338 ## - CARRIER TYPE | |
| Source | rdacarrier |
| Carrier type term | volumen |
| Carrier type code | nc |
| 500 ## - GENERAL NOTE | |
| General note | Reimpresiones: (Décima sexta, marzo de 2025). |
| 500 ## - GENERAL NOTE | |
| General note | "Bestselle #1 del New York Times".-- Cubierta |
| 650 #7 - SUBJECT ADDED ENTRY--TOPICAL TERM | |
| Source of heading or term | armarc |
| Topical term or geographic name entry element | Hábito |
| 650 #7 - SUBJECT ADDED ENTRY--TOPICAL TERM | |
| 9 (RLIN) | 13986 |
| Source of heading or term | armarc |
| Topical term or geographic name entry element | Rompimiento de hábitos |
| 650 #7 - SUBJECT ADDED ENTRY--TOPICAL TERM | |
| Source of heading or term | armarc |
| Topical term or geographic name entry element | Modificación de la conducta |
| 700 1# - ADDED ENTRY--PERSONAL NAME | |
| Personal name | Moya, Gabriela, |
| Relator term | traductor |
| 765 0# - ORIGINAL LANGUAGE ENTRY | |
| Main entry heading | Clear, James, |
| Place, publisher, and date of publication | USA : Bertelsmann Printing Group, ©2018 |
| Title | Atomic habits. |
| 942 ## - ADDED ENTRY ELEMENTS (KOHA) | |
| Source of classification or shelving scheme | Dewey Decimal Classification |
| Koha item type | Libro |
| Classification part | 155.24 |
| Item part | C6218 |
| Withdrawn status | Lost status | Source of classification or shelving scheme | Damaged status | Not for loan | Collection code | Home library | Current library | Shelving location | Date acquired | Source of acquisition | Total Checkouts | Full call number | Barcode | Date last seen | Date last checked out | Price effective from | Koha item type |
|---|---|---|---|---|---|---|---|---|---|---|---|---|---|---|---|---|---|
| Dewey Decimal Classification | Consulta en sala | Magisterial | Biblioteca Karol Wojtyla | Biblioteca Karol Wojtyla | Sala general | 03/12/2013 | Magisterial | 1 | 155.24 C6218 2023 | 47024 | 14/08/2025 | 25/07/2025 | 03/12/2013 | Magisterial |